El abc de la personalidad (Registro nro. 4999)
[ vista simple ]
| 000 -CABECERA | |
|---|---|
| campo de control de longitud fija | 00602aam a2200229 4500 |
| 005 - FECHA Y HORA DE ACTUALIZACIÓN | |
| campo de control | 20170126145808.0 |
| 008 - LONGITUD FIJA | |
| campo de control de longitud fija | 150427b xxu||||| |||| 00| 0 spa d |
| 041 ## - IDIOMA | |
| Código de idioma del texto/pista de sonido o título separado | |
| 082 ## - CLASIFICACIÓN DECIMAL DEWEY | |
| Número de clasificación | 155.2 S462a |
| 100 ## - AUTOR PERSONAL | |
| Nombre de persona | Seiwert, Lothar |
| 100 ## - AUTOR PERSONAL | |
| Nombre de persona | Gay, Friedbert |
| 245 ## - TÍTULO PROPIAMENTE DICHO | |
| Título | El abc de la personalidad |
| 260 ## - PIE DE IMPRENTA | |
| Lugar de publicación, distribución, etc. | Costa Rica |
| Nombre del editor, distribuidor, etc. | Lil |
| Fecha de publicación, distribución, etc. | 2008 |
| 300 ## - DESCRIPCIÓN FÍSICA | |
| Extensión | 136 páginas |
| 650 ## - Materia General | |
| Materia general | PERSONALIDAD |
| 650 ## - Materia General | |
| Materia general | MANEJO DE TIEMPO |
| 650 ## - Materia General | |
| Materia general | LIDERAZGO |
| 650 ## - Materia General | |
| Materia general | TRABAJO EN EQUIPO |
| 650 ## - Materia General | |
| Materia general | PAREJA |
| 650 ## - Materia General | |
| Materia general | EDUCANDO NIÑOS |
| 942 ## - Punto de Acceso Adicional Koha | |
| Tipo de ítem Koha | Libro |
| Estado perdido | Estado dañado | No para préstamo | Biblioteca permanente | Biblioteca actual | Signatura completa | Código de barras | Precio efectivo a partir del | Tipo de ítem |
|---|---|---|---|---|---|---|---|---|
| Departamento de Biblioteca y Documentación Alfonso Chase Brenes | Departamento de Biblioteca y Documentación Alfonso Chase Brenes | 155.2 S462a | 13899 | 26/01/2017 | Libro | |||
| Departamento de Biblioteca y Documentación Alfonso Chase Brenes | Departamento de Biblioteca y Documentación Alfonso Chase Brenes | 155.2 S462a | 14021 | 26/01/2017 | Libro |